| 000 | 01199nam0a2200337 4500 | ||
|---|---|---|---|
| 001 | RU\NLR\bibl\1440411 | ||
| 005 | 20250615224509.0 | ||
| 010 |
_a978-5-17-061111-9 _bАСТ |
||
| 010 |
_a978-5-403-01956-9 _bАСТ МОСКВА _912500 |
||
| 021 |
_aRU _b2009-76520 _94781 |
||
| 035 | _a(NLR Aleph) 001432269 | ||
| 090 |
_a1410180 _c1410180 |
||
| 100 | _a20091001d2009 |||y0rusy50 ca | ||
| 101 | 1 |
_arus _ceng |
|
| 102 | _aRU | ||
| 105 | _ay dm ||||| | ||
| 200 | 1 |
_aСердце не лжет _e[роман] _fМоника Маккарти _g[пер. с англ. Н.В. Паниной] |
|
| 210 |
_aМосква _cACT _cАСТ МОСКВА _d2009 |
||
| 215 |
_a316, [1] с. _d17 |
||
| 225 | 1 | _aмини-Шарм | |
| 686 |
_a0661 _aЗарубежная сентиментальная литература _2TCC-BG |
||
| 686 |
_a84(7Сое)-44 _vLBC/PL _2rubbk |
||
| 686 | _aШ6(7США)67-440.4{Лх1979-50} | ||
| 700 | 1 |
_aМаккарти _bМ. _gМоника _4070 |
|
| 801 | 0 |
_aRU _bЛИБНЕТ _c20091001 |
|
| 801 | 1 |
_aRU _bЦУНБ Москва _c20091013 _2rusmarc |
|
| 801 | 2 |
_aRU _bNLR _c20091118 _grcr |
|
| 830 | _aCODE_OF_LIBNET\000042866 | ||
| 942 | _cBOOK | ||
| 980 | _aNB | ||